[Event "11. Europa ch 2010 Femenino"]
[Site "Rijeka CRO"]
[Date "2010.03.09"]
[Round "4.77"]
[White "Yusuphanova, Saida"]
[Black "Samanic, Verena"]
[Result "1-0"]
[WhiteElo "1843"]
[BlackElo "1607"]
[PlyCount "77"]
[EventDate "2010.03.06"]
[EventType "swiss"]
[EventRounds "11"]
[EventCountry "CRO"]
[Source "lmi"]
[SourceDate "2010.03.06"]

1. e4 e5 2. Nc3 Bc5 3. Nf3 d6 4. d4 exd4 5. Nxd4 Ne7 6. Bc4 Nbc6 7. Nb3 Bb6 8.
O-O O-O 9. a4 a6 10. Bg5 Qe8 11. Kh1 Ne5 12. Be2 Ba7 13. f4 N5g6 14. f5 Ne5 15.
f6 N7g6 16. fxg7 Kxg7 17. Bf6+ Kg8 18. Qd2 Nd7 19. Nd5 Nxf6 20. Nxf6+ Kg7 21.
Nxe8+ Rxe8 22. Qc3+ Kg8 23. Qxc7 Rf8 24. Qxd6 Be6 25. Qb4 Rab8 26. Nd4 Bxd4 27.
Qxd4 Rfd8 28. Qf6 Rd2 29. Bd3 Rc8 30. Qg5 Rdxc2 31. Bxc2 Rxc2 32. h4 Kf8 33.
Rad1 Rc8 34. Rd8+ Rxd8 35. Qxd8+ Kg7 36. Qf6+ Kg8 37. h5 Nf8 38. h6 Nd7 39.
Qg7# 1-0

[Event "11. Europa ch 2010 Femenino"]
[Site "Rijeka CRO"]
[Date "2010.03.09"]
[Round "4.78"]
[White "Starcevic, Andrea"]
[Black "Batory, Lucija"]
[Result "1/2-1/2"]
[WhiteElo "1712"]
[BlackElo "1575"]
[PlyCount "46"]
[EventDate "2010.03.06"]
[EventType "swiss"]
[EventRounds "11"]
[EventCountry "CRO"]
[Source "lmi"]
[SourceDate "2010.03.06"]

1. d4 d5 2. Bg5 Nc6 3. Nf3 Bg4 4. e3 Nf6 5. Bxf6 exf6 6. a3 Bd6 7. c4 dxc4 8.
Bxc4 Qe7 9. Be2 O-O-O 10. Nc3 Bc5 11. O-O h5 12. Qa4 Bd6 13. Nb5 a6 14. Nxd6+
Qxd6 15. Rac1 h4 16. d5 Bxf3 17. Bxf3 Ne5 18. Be4 g5 19. Qd4 Kb8 20. f4 Ng4 21.
h3 Nh6 22. fxg5 fxg5 23. Rf6 Qg3 1/2-1/2

[Event "11. Europa ch 2010 Femenino"]
[Site "Rijeka CRO"]
[Date "2010.03.10"]
[Round "5.1"]
[White "Muzychuk, Anna"]
[Black "Socko, Monika"]
[Result "1/2-1/2"]
[WhiteElo "2533"]
[BlackElo "2465"]
[PlyCount "104"]
[EventDate "2010.03.06"]
[EventType "swiss"]
[EventRounds "11"]
[EventCountry "CRO"]
[Source "lmi"]
[SourceDate "2010.03.06"]

1. e4 e6 2. d4 d5 3. Nd2 Nf6 4. e5 Nfd7 5. Bd3 c5 6. c3 Nc6 7. Ne2 Qb6 8. Nf3
cxd4 9. cxd4 f6 10. exf6 Nxf6 11. O-O Bd6 12. b3 O-O 13. Bb2 Bd7 14. Ng3 Rac8
15. Rc1 Bf4 16. Rc5 Bxg3 17. hxg3 Nxd4 18. Rxc8 Nxf3+ 19. Qxf3 Bxc8 20. Qf4 Bd7
21. Bd4 Qb4 22. Rd1 Qe7 23. Qc7 Qf7 24. Bxf6 gxf6 25. Qxb7 Bc8 26. Qb4 e5 27.
Rc1 e4 28. Be2 Be6 29. Qd6 Qd7 30. Qf4 Rc8 31. Rxc8+ Qxc8 32. Qxf6 Qc1+ 33. Kh2
Bf7 34. Bg4 Qd2 35. Bf5 h6 36. b4 Qg5 37. Qxg5+ hxg5 38. a4 Kf8 39. Kg1 Be8 40.
b5 Ke7 41. Kf1 Kd6 42. Ke2 Ke5 43. Bc8 Kd4 44. Bb7 Kc5 45. Kd2 Bd7 46. f3 Bf5
47. g4 Bg6 48. Ba8 Bh7 49. Bb7 Bg6 50. Bc8 d4 51. fxe4 Bxe4 52. g3 Bd5 1/2-1/2

[Event "11. Europa ch 2010 Femenino"]
[Site "Rijeka CRO"]
[Date "2010.03.10"]
[Round "5.2"]
[White "Kosintseva, Tatiana"]
[Black "Skripchenko, Almira"]
[Result "1-0"]
[WhiteElo "2524"]
[BlackElo "2456"]
[PlyCount "101"]
[EventDate "2010.03.06"]
[EventType "swiss"]
[EventRounds "11"]
[EventCountry "CRO"]
[Source "lmi"]
[SourceDate "2010.03.06"]

1. e4 e5 2. Nf3 Nc6 3. Bb5 Nf6 4. d3 Bc5 5. O-O d6 6. c3 O-O 7. Nbd2 Bb6 8. h3
h6 9. Re1 Ne7 10. d4 c6 11. Ba4 Ng6 12. Bc2 Bc7 13. Nf1 Nh7 14. Ng3 Qf6 15. Be3
Ng5 16. Nxg5 hxg5 17. Nf5 d5 18. Qg4 dxe4 19. Bxe4 Nf4 20. dxe5 Bxe5 21. g3 g6
22. gxf4 gxf5 23. fxe5 Qg6 24. Qxg5 fxe4 25. Kh2 Qxg5 26. Bxg5 Bf5 27. Kg3 Bg6
28. Bf6 Kh7 29. Kf4 Rg8 30. Rg1 Kh6 31. Rg5 Bh5 32. Rag1 Rxg5 33. Bxg5+ Kh7 34.
Kxe4 Bg6+ 35. Kf4 a5 36. Bf6 Kh6 37. Kg4 a4 38. a3 Ra5 39. f4 Rc5 40. Bg5+ Kg7
41. f5 Bh7 42. Re1 Rc4+ 43. Bf4 Rc5 44. Kg5 Rd5 45. h4 Rb5 46. Re2 Rd5 47. h5
Rd1 48. h6+ Kf8 49. Kf6 Rh1 50. e6 fxe6 51. Rxe6 1-0

[Event "11. Europa ch 2010 Femenino"]
[Site "Rijeka CRO"]
[Date "2010.03.10"]
[Round "5.3"]
[White "Cramling, Pia"]
[Black "Arakhamia Grant, Ketevan"]
[Result "0-1"]
[WhiteElo "2523"]
[BlackElo "2447"]
[PlyCount "98"]
[EventDate "2010.03.06"]
[EventType "swiss"]
[EventRounds "11"]
[EventCountry "CRO"]
[Source "lmi"]
[SourceDate "2010.03.06"]

1. d4 Nf6 2. Nf3 g6 3. c4 Bg7 4. b4 a5 5. b5 d5 6. e3 c5 7. Bb2 cxd4 8. Bxd4
O-O 9. Be2 dxc4 10. Bxc4 Nbd7 11. Nbd2 Nb6 12. Be2 Bf5 13. O-O Rc8 14. Rc1 Qd6
15. Nc4 Nxc4 16. Bxc4 Ne4 17. Bxg7 Kxg7 18. Nd4 Bd7 19. Qc2 Nf6 20. Rfd1 Qe5
21. Qb2 Rc5 22. Be2 Rfc8 23. h3 a4 24. Rxc5 Qxc5 25. f4 e5 26. fxe5 Qxe5 27.
Qa3 Bxh3 28. Bf3 Ng4 29. Bxg4 Bxg4 30. Rc1 Rxc1+ 31. Qxc1 h5 32. Qc3 Kh7 33.
Kf1 h4 34. Qc4 Kg7 35. Qc3 Kg8 36. a3 Qg3 37. b6 Qd6 38. Qc7 Qxa3 39. Qxb7 Qc1+
40. Kf2 Qd2+ 41. Kf1 Qxe3 42. Qa8+ Kg7 43. b7 Qd3+ 44. Kg1 Qxd4+ 45. Kh1 Qa1+
46. Kh2 Qe5+ 47. Kh1 Qe1+ 48. Kh2 Qg3+ 49. Kh1 Bf3 0-1

[Event "11. Europa ch 2010 Femenino"]
[Site "Rijeka CRO"]
[Date "2010.03.10"]
[Round "5.4"]
[White "Galojan, Lilit"]
[Black "Cmilyte, Viktorija"]
[Result "1/2-1/2"]
[WhiteElo "2380"]
[BlackElo "2485"]
[PlyCount "120"]
[EventDate "2010.03.06"]
[EventType "swiss"]
[EventRounds "11"]
[EventCountry "CRO"]
[Source "lmi"]
[SourceDate "2010.03.06"]

1. Nf3 e6 2. c4 f5 3. g3 Nf6 4. Bg2 d5 5. O-O Bd6 6. d3 Nc6 7. a3 a5 8. cxd5
exd5 9. Nc3 O-O 10. Nb5 h6 11. Nxd6 Qxd6 12. d4 Ne4 13. Bf4 Qd8 14. Ne5 Ne7 15.
Nd3 c6 16. f3 Nd6 17. a4 g5 18. Bxd6 Qxd6 19. f4 Ng6 20. Qd2 Qf6 21. Ne5 Nxe5
22. fxe5 Qe7 23. b4 Qxb4 24. Qxb4 axb4 25. Rfb1 Bd7 26. Rxb4 b5 27. a5 Ra6 28.
Rb2 Rfa8 29. Rba2 Kf7 30. Kf2 Ke6 31. Ke3 c5 32. Kd3 b4 33. dxc5 Kxe5 34. Rb2
Rxa5 35. Rxa5 Rxa5 36. Rxb4 Rxc5 37. Rb7 Bb5+ 38. Kd2 Bc4 39. Re7+ Kf6 40. Rh7
Kg6 41. Re7 Ra5 42. Ke1 Ra1+ 43. Kf2 Ra2 44. Bf1 Ra6 45. Bg2 Ra2 46. Bf1 d4 47.
Ke1 Ra5 48. Rd7 Rd5 49. Rc7 Bb5 50. Kf2 Re5 51. Rc2 f4 52. Bg2 Kf5 53. gxf4
gxf4 54. Bf3 d3 55. exd3 Bxd3 56. Rc6 Ra5 57. Rxh6 Ra2+ 58. Kg1 Ra1+ 59. Kf2
Ra2+ 60. Kg1 Ra1+ 1/2-1/2

[Event "11. Europa ch 2010 Femenino"]
[Site "Rijeka CRO"]
[Date "2010.03.10"]
[Round "5.8"]
[White "Matveeva, Svetlana"]
[Black "Javakhishvili, Lela"]
[Result "1-0"]
[WhiteElo "2373"]
[BlackElo "2500"]
[PlyCount "133"]
[EventDate "2010.03.06"]
[EventType "swiss"]
[EventRounds "11"]
[EventCountry "CRO"]
[Source "lmi"]
[SourceDate "2010.03.06"]

1. d4 Nf6 2. c4 e6 3. Nc3 Bb4 4. Qc2 O-O 5. a3 Bxc3+ 6. Qxc3 b6 7. Bg5 Bb7 8.
e3 d6 9. Ne2 Nbd7 10. Qc2 h6 11. Bh4 c5 12. Rd1 Qe7 13. Nc3 cxd4 14. Rxd4 Ne5
15. f3 Rac8 16. Be2 Ng6 17. Bxf6 Qxf6 18. O-O e5 19. Rdd1 Qg5 20. Qd2 Nh4 21.
Rf2 Nf5 22. f4 exf4 23. exf4 Qg6 24. Bd3 Qf6 25. Nb5 Rcd8 26. Bxf5 Qxf5 27.
Nxd6 Qc5 28. Qd4 Qc6 29. b4 Rfe8 30. h3 Re6 31. c5 Rg6 32. Rdd2 Ba8 33. Kh2 a5
34. f5 Rf6 35. Qe5 axb4 36. axb4 Kh7 37. Rfe2 bxc5 38. bxc5 Qc7 39. Rd3 Rg8 40.
Rg3 Bc6 41. Rd2 Qb8 42. Rb2 Qd8 43. Rb6 Ba8 44. Rb4 Bc6 45. Rbg4 Kh8 46. Re3
Kh7 47. Qe7 Bd7 48. Qe5 Bc6 49. Reg3 Kh8 50. Rb4 Kh7 51. Rb6 Ba8 52. Ra6 Qc7
53. Rga3 Bc6 54. Ra7 Qb8 55. Re7 Qb4 56. Rg3 Rf8 57. Rc7 Qa4 58. Rg4 Qa8 59.
Qe7 Bd5 60. Rg3 Rg8 61. Qe5 Rf8 62. Re7 Bc6 63. Qd4 Qa2 64. Rc7 Qd5 65. Qg4 Rg8
66. Rxf7 Rxd6 67. Rxg7+ 1-0

[Event "11. Europa ch 2010 Femenino"]
[Site "Rijeka CRO"]
[Date "2010.03.10"]
[Round "5.9"]
[White "Gvetadze, Sopio"]
[Black "Zhukova, Natalia"]
[Result "1/2-1/2"]
[WhiteElo "2342"]
[BlackElo "2492"]
[PlyCount "146"]
[EventDate "2010.03.06"]
[EventType "swiss"]
[EventRounds "11"]
[EventCountry "CRO"]
[Source "lmi"]
[SourceDate "2010.03.06"]

1. e4 e5 2. Nf3 Nc6 3. Bb5 Nf6 4. Qe2 Bc5 5. c3 d6 6. O-O O-O 7. d3 a6 8. Ba4
Ba7 9. h3 Ne7 10. Nh4 Ng6 11. Nf5 d5 12. Bc2 Ne8 13. Be3 c5 14. Qf3 Nc7 15. g3
d4 16. Bc1 Ne7 17. Nd2 b5 18. Rd1 g6 19. Nh6+ Kg7 20. Ng4 f5 21. Nxe5 Qd6 22.
cxd4 cxd4 23. Qf4 Ne6 24. Qh6+ Kxh6 25. Ndc4+ Kg7 26. Nxd6 fxe4 27. Nxe4 Bb7
28. Re1 Nf5 29. Bb3 Nc5 30. Nxc5 Bxc5 31. Nd7 Rfe8 32. Bg5 Bb4 33. Rxe8 Rxe8
34. Bf6+ Kh6 35. g4 Ne3 36. g5+ Kh5 37. Bxd4 Nf5 38. Nf6+ Kxg5 39. Nxe8 Nxd4
40. Bd1 Ne6 41. Bg4 Nf4 42. a3 Bc5 43. Rd1 h5 44. Bd7 Bd4 45. Nd6 Bg2 46. Rd2
Kh4 47. Ne4 Bxh3 48. Bxh3 Kxh3 49. b4 Kg4 50. Rc2 Nxd3 51. Rc6 Kf4 52. Re6 Kf5
53. Re8 Bb2 54. Nd6+ Kg4 55. Re4+ Nf4 56. Re3 h4 57. Kh2 Bd4 58. f3+ Kh5 59.
Re7 Nd3 60. Nf7 Bb2 61. Re2 Bc1 62. Nd8 Bf4+ 63. Kh1 h3 64. Ne6 Bg3 65. Nc5
Nf2+ 66. Rxf2 Bxf2 67. Nxa6 Kg5 68. Nc7 Kf4 69. Nxb5 Kxf3 70. Nd6 g5 71. Nf7 g4
72. Ne5+ Kf4 73. Nxg4 Kxg4 1/2-1/2

[Event "11. Europa ch 2010 Femenino"]
[Site "Rijeka CRO"]
[Date "2010.03.10"]
[Round "5.10"]
[White "Paehtz, Elisabeth"]
[Black "Savina, Anastasia"]
[Result "0-1"]
[WhiteElo "2486"]
[BlackElo "2391"]
[PlyCount "128"]
[EventDate "2010.03.06"]
[EventType "swiss"]
[EventRounds "11"]
[EventCountry "CRO"]
[Source "lmi"]
[SourceDate "2010.03.06"]

1. e4 c5 2. Nf3 Nc6 3. d4 cxd4 4. Nxd4 Nf6 5. Nc3 d6 6. Bg5 e6 7. Qd2 Qb6 8.
Nb3 a6 9. O-O-O Be7 10. f3 O-O 11. h4 Rd8 12. Be3 Qc7 13. Qf2 Nd7 14. g4 Nce5
15. g5 b5 16. Kb1 b4 17. Ne2 a5 18. Nbd4 a4 19. h5 Ba6 20. g6 b3 21. h6 bxa2+
22. Ka1 Nxg6 23. Bc1 a3 24. Nc3 Rdb8 25. Bb5 Bf6 26. hxg7 Bxg7 27. Qh2 Ndf8 28.
Qe2 Nf4 29. Qf1 Bxb5 30. Ncxb5 axb2+ 31. Bxb2 Qb6 32. c4 d5 33. exd5 exd5 34.
Rh2 dxc4 35. Qxc4 Rc8 36. Qb3 Rd8 37. Rhd2 Rd5 38. Qc4 Rb8 39. Kxa2 Rxb5 40.
Nxb5 Qxb5 41. Qxb5 Rxb5 42. Rg1 N4g6 43. Ba3 Bf6 44. Rh2 Ne6 45. Bc1 Nd4 46.
Re1 Rb8 47. Rh3 Ra8+ 48. Kb1 Nb3 49. Bb2 Nd2+ 50. Kc2 Ra2 51. Kxd2 Rxb2+ 52.
Ke3 Rb3+ 53. Kd2 Rb2+ 54. Kc1 Nf4 55. Re8+ Kg7 56. Rg3+ Kh6 57. Kd1 Bg5 58. Rf8
Ne2 59. Rg4 f6 60. Rc4 Nf4 61. Re8 Ng2 62. Rc2 Ne3+ 63. Rxe3 Rxc2 64. f4 Rc1+
0-1

[Event "11. Europa ch 2010 Femenino"]
[Site "Rijeka CRO"]
[Date "2010.03.10"]
[Round "5.11"]
[White "Dzagnidze, Nana"]
[Black "Bojkovic, Natasa"]
[Result "1-0"]
[WhiteElo "2479"]
[BlackElo "2384"]
[PlyCount "125"]
[EventDate "2010.03.06"]
[EventType "swiss"]
[EventRounds "11"]
[EventCountry "CRO"]
[Source "lmi"]
[SourceDate "2010.03.06"]

1. d4 Nf6 2. c4 e6 3. Nc3 Bb4 4. Bg5 c5 5. d5 d6 6. e3 h6 7. Bh4 Bxc3+ 8. bxc3
Qe7 9. Nf3 e5 10. Nd2 g5 11. Bg3 Bf5 12. f3 Bg6 13. e4 Nh5 14. Bf2 Kf8 15. g3
Nd7 16. Bh3 Ndf6 17. Rb1 Kg7 18. O-O Qc7 19. Rb3 Rhe8 20. Qb1 Re7 21. Qb2 Ng8
22. Rb1 Rb8 23. Qa3 b6 24. Qa6 Qd8 25. a4 f6 26. a5 Reb7 27. Nf1 Kh8 28. Ne3
Be8 29. Be6 Ng7 30. Kg2 Kh7 31. h4 gxh4 32. g4 h3+ 33. Kxh3 Nxe6 34. dxe6 Qe7
35. axb6 axb6 36. Rxb6 Rxb6 37. Rxb6 Rxb6 38. Qxb6 Qxe6 39. Nf5 Qxc4 40. Qxd6
h5 41. Qc7+ Qf7 42. Qxc5 hxg4+ 43. fxg4 Nh6 44. Be3 Nxf5 45. exf5 Kg8 46. Kg3
Ba4 47. Qd6 Qf8 48. Qc7 Qf7 49. Qb6 Kg7 50. Qa6 Bb3 51. Qd6 Qd5 52. Qc7+ Qf7
53. Qb8 Bc2 54. Qd6 Qe8 55. c4 Be4 56. c5 Bb7 57. g5 fxg5 58. Bxg5 Qc6 59.
Qxe5+ Kf7 60. Qe7+ Kg8 61. Qd8+ Kf7 62. Qe7+ Kg8 63. Qe6+ 1-0

[Event "11. Europa ch 2010 Femenino"]
[Site "Rijeka CRO"]
[Date "2010.03.10"]
[Round "5.12"]
[White "Rajlich, Iweta"]
[Black "Cosma, Elena Luminita"]
[Result "1/2-1/2"]
[WhiteElo "2459"]
[BlackElo "2346"]
[PlyCount "113"]
[EventDate "2010.03.06"]
[EventType "swiss"]
[EventRounds "11"]
[EventCountry "CRO"]
[Source "lmi"]
[SourceDate "2010.03.06"]

1. d4 d5 2. c4 e6 3. Nc3 Nf6 4. cxd5 exd5 5. Bg5 Bb4 6. e3 h6 7. Bh4 g5 8. Bg3
Ne4 9. Rc1 c5 10. Bb5+ Bd7 11. Bxd7+ Qxd7 12. Nge2 Nc6 13. dxc5 Rd8 14. O-O
Nxc5 15. a3 Bxc3 16. Rxc3 Ne4 17. Rd3 Nc5 18. Rc3 Ne4 19. Rc2 O-O 20. b4 d4 21.
exd4 Nxg3 22. fxg3 Nxd4 23. Nxd4 Qxd4+ 24. Qxd4 Rxd4 25. Rc7 Rd3 26. Rf3 Rd1+
27. Rf1 Rd3 28. a4 a5 29. bxa5 Rd5 30. Rxb7 Rxa5 31. Rb4 Rfa8 32. Ra1 Kg7 33.
g4 R8a6 34. Ra3 Kg6 35. Kf2 h5 36. gxh5+ Kxh5 37. g4+ Kg6 38. Kg3 f6 39. h4
gxh4+ 40. Kxh4 f5 41. g5 Re6 42. Rf4 Ra7 43. a5 Rh7+ 44. Kg3 Ra7 45. Rb4 Kxg5
46. Rb5 Kf6 47. Rc3 Rd7 48. Rf3 Re5 49. Rb6+ Re6 50. Rb8 Kg5 51. Rb5 Rf6 52.
Kf2 Rd4 53. Ke3 Re4+ 54. Kd3 Kg4 55. Rf1 Rd6+ 56. Kc3 f4 57. Rb6 1/2-1/2

[Event "11. Europa ch 2010 Femenino"]
[Site "Rijeka CRO"]
[Date "2010.03.10"]
[Round "5.13"]
[White "Kursova, Maria"]
[Black "Dembo, Yelena"]
[Result "1/2-1/2"]
[WhiteElo "2296"]
[BlackElo "2457"]
[PlyCount "60"]
[EventDate "2010.03.06"]
[EventType "swiss"]
[EventRounds "11"]
[EventCountry "CRO"]
[Source "lmi"]
[SourceDate "2010.03.06"]

1. d4 Nf6 2. Nf3 g6 3. c4 Bg7 4. g3 O-O 5. Bg2 d6 6. O-O Nc6 7. Nc3 Bf5 8. Ne1
Qd7 9. e4 Bh3 10. f3 Bxg2 11. Kxg2 e5 12. d5 Nd4 13. Be3 c5 14. dxc6 bxc6 15.
Bxd4 exd4 16. Qxd4 Nd5 17. Qd3 Nxc3 18. bxc3 f5 19. exf5 Rxf5 20. Rd1 Rd8 21.
Nc2 Ra5 22. a3 Rh5 23. Rf2 Qh3+ 24. Kg1 Rc5 25. Nd4 Qd7 26. Re2 Re8 27. Rde1
Rce5 28. f4 Rxe2 29. Rxe2 Rxe2 30. Qxe2 Qf7 1/2-1/2

[Event "11. Europa ch 2010 Femenino"]
[Site "Rijeka CRO"]
[Date "2010.03.10"]
[Round "5.15"]
[White "Chelushkina, Irina"]
[Black "Muzychuk, Mariya"]
[Result "0-1"]
[WhiteElo "2319"]
[BlackElo "2444"]
[PlyCount "118"]
[EventDate "2010.03.06"]
[EventType "swiss"]
[EventRounds "11"]
[EventCountry "CRO"]
[Source "lmi"]
[SourceDate "2010.03.06"]

1. g3 f5 2. Bg2 Nf6 3. d3 e5 4. Nf3 Nc6 5. O-O g6 6. e4 fxe4 7. dxe4 Bg7 8. Nc3
d6 9. h3 O-O 10. Be3 h6 11. Nh2 Be6 12. Nd5 Kh7 13. c3 Qd7 14. g4 Ne7 15. c4 c6
16. Nxe7 Qxe7 17. Rc1 a6 18. Qd2 Rad8 19. b3 Qe8 20. Qb4 Rd7 21. f4 exf4 22.
Bxf4 Qd8 23. Rcd1 Ng8 24. Kh1 Ne7 25. Bg3 Rxf1+ 26. Rxf1 c5 27. Qe1 Nc6 28. Nf3
Qc7 29. g5 h5 30. Nh4 Ne5 31. Nf5 Bh8 32. Ne3 Rf7 33. Nd5 Qd8 34. Rxf7+ Nxf7
35. h4 Be5 36. Bf2 Qc8 37. Qe3 b5 38. Be1 Kg7 39. Bf1 b4 40. Nf4 Bg4 41. Bg3
Bd4 42. Qe1 Ne5 43. Bg2 Bf3 44. Qf1 Qg4 45. Kh2 Bd1 46. Bh3 Qf3 47. Qxf3 Bxf3
48. Bg2 Kf7 49. Nd5 Be2 50. Nc7 Bd3 51. Nxa6 Bb1 52. Nc7 Bxa2 53. Nb5 Bxb3 54.
Nxd6+ Ke6 55. Nb5 Bxc4 56. Nxd4+ cxd4 57. Bh3+ Kd6 58. Bf4 b3 59. Bc1 d3 0-1

[Event "11. Europa ch 2010 Femenino"]
[Site "Rijeka CRO"]
[Date "2010.03.10"]
[Round "5.16"]
[White "Kovalevskaya, Ekaterina"]
[Black "Melnikova, Yana"]
[Result "1-0"]
[WhiteElo "2438"]
[BlackElo "2272"]
[PlyCount "165"]
[EventDate "2010.03.06"]
[EventType "swiss"]
[EventRounds "11"]
[EventCountry "CRO"]
[Source "lmi"]
[SourceDate "2010.03.06"]

1. Nf3 Nf6 2. c4 g6 3. g3 Bg7 4. Bg2 O-O 5. O-O d5 6. d4 dxc4 7. Na3 Nc6 8.
Nxc4 Be6 9. b3 Bd5 10. Bb2 a5 11. Rc1 Qb8 12. Ne3 e6 13. Ne5 Bxg2 14. Kxg2 Nb4
15. a3 Nbd5 16. N3c4 Rd8 17. Qc2 c6 18. e4 Nc7 19. Rcd1 Nb5 20. Nf3 Qa7 21. a4
Nc7 22. Ba3 Bf8 23. Bc1 Na6 24. Bg5 Be7 25. Qc1 Re8 26. e5 Nd5 27. Bxe7 Rxe7
28. Qh6 b5 29. Nd6 f5 30. exf6 Nxf6 31. Qh4 Nd5 32. Ne5 Nab4 33. Kg1 bxa4 34.
bxa4 c5 35. dxc5 Qxc5 36. Ne4 Qa7 37. Nf6+ Nxf6 38. Qxf6 Rf8 39. Qh4 Qc7 40.
Rc1 Qb7 41. Rc5 Nd5 42. Qd4 Qb4 43. Rxd5 exd5 44. Qxd5+ Ref7 45. Nxf7 Rxf7 46.
Qa2 Qd4 47. Qc2 Kg7 48. Re1 Rd7 49. Kg2 h5 50. Re4 Qd5 51. Qc3+ Kh7 52. Qf3 Qa2
53. Rf4 Qd2 54. h4 Kg7 55. Qe4 Qc3 56. Qe6 Rc7 57. Re4 Kh7 58. Qd5 Ra7 59. Re8
Qg7 60. Qe5 Qxe5 61. Rxe5 Kg7 62. Re6 Rc7 63. Re4 Kh7 64. Re8 Ra7 65. Re5 Kg7
66. Re6 Rd7 67. Re5 Ra7 68. Kf3 Kf6 69. Kf4 Ra6 70. Rb5 Ke6 71. Kg5 Kf7 72. f3
Kg7 73. Rb7+ Kg8 74. g4 hxg4 75. fxg4 Kf8 76. h5 gxh5 77. Kxh5 Rc6 78. Ra7 Rc5+
79. g5 Kg8 80. Kh6 Rc1 81. Rxa5 Kf7 82. Ra7+ Ke6 83. Kg7 1-0

[Event "11. Europa ch 2010 Femenino"]
[Site "Rijeka CRO"]
[Date "2010.03.10"]
[Round "5.17"]
[White "Hoang Thanh Trang"]
[Black "Ziaziulkina, Nastassia"]
[Result "1-0"]
[WhiteElo "2487"]
[BlackElo "2188"]
[PlyCount "81"]
[EventDate "2010.03.06"]
[EventType "swiss"]
[EventRounds "11"]
[EventCountry "CRO"]
[Source "lmi"]
[SourceDate "2010.03.06"]

1. d4 d5 2. Bf4 Nf6 3. e3 c6 4. Bd3 Qb6 5. b3 Bg4 6. Ne2 e6 7. O-O Be7 8. f3
Bh5 9. Bg3 c5 10. Nbc3 Nbd7 11. Na4 Qa5 12. c4 Bg6 13. Nac3 cxd4 14. exd4 O-O
15. c5 Nh5 16. Bf2 Nhf6 17. b4 Qd8 18. Nf4 Nh5 19. Nxg6 hxg6 20. g3 Nhf6 21.
Re1 g5 22. g4 g6 23. a4 Kg7 24. a5 Rh8 25. Bg3 Ne8 26. a6 b6 27. Bb5 Rc8 28.
Qa4 Nb8 29. Rad1 Bf6 30. Kg2 bxc5 31. bxc5 Nc7 32. Bf1 Be7 33. Rb1 f5 34. Rb7
f4 35. Bf2 Nd7 36. Nb5 Nxb5 37. Bxb5 Nf8 38. Rxa7 Kg8 39. Bd7 Ra8 40. Rxa8 Qxa8
41. a7 1-0

[Event "11. Europa ch 2010 Femenino"]
[Site "Rijeka CRO"]
[Date "2010.03.10"]
[Round "5.18"]
[White "Kadziolka, Beata"]
[Black "Danielian, Elina"]
[Result "1/2-1/2"]
[WhiteElo "2311"]
[BlackElo "2491"]
[PlyCount "48"]
[EventDate "2010.03.06"]
[EventType "swiss"]
[EventRounds "11"]
[EventCountry "CRO"]
[Source "lmi"]
[SourceDate "2010.03.06"]

1. e4 e6 2. d4 d5 3. Nc3 Nf6 4. Bg5 Be7 5. e5 Nfd7 6. Bxe7 Qxe7 7. f4 O-O 8.
Nf3 c5 9. dxc5 Nc6 10. Qd2 Qxc5 11. O-O-O Rb8 12. Bd3 f6 13. exf6 Nxf6 14. Kb1
b5 15. Rde1 a5 16. Ne5 Nxe5 17. Rxe5 b4 18. Nd1 Rb6 19. Rhe1 a4 20. Nf2 g6 21.
Qe3 Qxe3 22. R5xe3 a3 23. b3 Nh5 24. g3 Nf6 1/2-1/2

[Event "11. Europa ch 2010 Femenino"]
[Site "Rijeka CRO"]
[Date "2010.03.10"]
[Round "5.19"]
[White "Guramishvili, Sopiko"]
[Black "Gaponenko, Inna"]
[Result "0-1"]
[WhiteElo "2266"]
[BlackElo "2472"]
[PlyCount "148"]
[EventDate "2010.03.06"]
[EventType "swiss"]
[EventRounds "11"]
[EventCountry "CRO"]
[Source "lmi"]
[SourceDate "2010.03.06"]

1. d4 Nf6 2. c4 e6 3. Nc3 Bb4 4. Bg5 c5 5. d5 d6 6. Qc2 exd5 7. cxd5 O-O 8. a3
Bxc3+ 9. bxc3 Nbd7 10. Nf3 Qa5 11. Bd2 c4 12. g3 Qxd5 13. Bg2 Nc5 14. O-O Bf5
15. Qa2 Be4 16. Rad1 Rad8 17. Bf4 Qe6 18. Nd4 Qc8 19. f3 Bd5 20. Nb5 Na4 21.
Qc2 Qc5+ 22. Nd4 Bc6 23. Kh1 Nb6 24. Nxc6 Qxc6 25. e4 d5 26. Be3 dxe4 27. fxe4
Ng4 28. Bf4 Qc5 29. Rxd8 Rxd8 30. a4 Rd3 31. h3 Ne5 32. Rb1 Ng6 33. Rb5 Qa3 34.
a5 Nxf4 35. gxf4 Nd7 36. Rxb7 Qxa5 37. Bf1 Rxc3 38. Qf2 Nf8 39. Rxa7 Qh5 40.
Rc7 Rf3 41. Qg2 Rxf4 42. Rxc4 Qd1 43. Kg1 h6 44. Qe2 Qa1 45. Qd3 Ng6 46. Rb4
Ne5 47. Qb5 Qe1 48. Rb2 Qe3+ 49. Kh1 Nf3 50. Qb6 Qxb6 51. Rxb6 Ng5 52. Kg2 g6
53. e5 Kg7 54. Ba6 Re4 55. Rb5 Re2+ 56. Kf1 Rh2 57. Rb7 Rxh3 58. Ke2 Rc3 59.
Rb5 Ne6 60. Kd2 Rc5 61. Rxc5 Nxc5 62. Bc4 g5 63. Ke3 Kg6 64. Ba2 Ne6 65. Bb1+
Kh5 66. Ke4 g4 67. Kf5 Ng5 68. Ba2 g3 69. Bd5 Kh4 70. Bg2 Ne6 71. Kf6 Nf4 72.
Kxf7 Nxg2 73. e6 Ne3 74. e7 Nf5 0-1

[Event "11. Europa ch 2010 Femenino"]
[Site "Rijeka CRO"]
[Date "2010.03.10"]
[Round "5.20"]
[White "Melia, Salome"]
[Black "Nebolsina, Vera"]
[Result "0-1"]
[WhiteElo "2467"]
[BlackElo "2310"]
[PlyCount "90"]
[EventDate "2010.03.06"]
[EventType "swiss"]
[EventRounds "11"]
[EventCountry "CRO"]
[Source "lmi"]
[SourceDate "2010.03.06"]

1. e4 e5 2. Nf3 Nf6 3. Nxe5 d6 4. Nf3 Nxe4 5. d4 d5 6. Bd3 Be7 7. O-O Nc6 8. c4
Nb4 9. Be2 O-O 10. Nc3 Bf5 11. a3 Nxc3 12. bxc3 Nc6 13. Re1 Re8 14. Ra2 Na5 15.
cxd5 Qxd5 16. Rb2 c6 17. Ne5 Bxa3 18. Bf3 Qd6 19. Rbe2 Bxc1 20. Qxc1 Be6 21.
Bh5 Rf8 22. Re3 Nc4 23. Rg3 Nxe5 24. Rxe5 Bc4 25. Qb1 Kh8 26. h4 a5 27. Bf3 a4
28. Rc5 Be6 29. Rcg5 g6 30. h5 a3 31. hxg6 fxg6 32. Re5 a2 33. Qa1 Bc4 34. Be2
b5 35. Bxc4 bxc4 36. Re2 Qa3 37. Kh2 Rfb8 38. Re1 Qb2 39. Qd1 a1=Q 40. Qf3 Qxe1
41. Qf6+ Kg8 42. Rxg6+ hxg6 43. Qxg6+ Kf8 44. Qf6+ Ke8 45. Qxc6+ Kf7 0-1

[Event "11. Europa ch 2010 Femenino"]
[Site "Rijeka CRO"]
[Date "2010.03.10"]
[Round "5.21"]
[White "Gunina, Valentina"]
[Black "Vega Gutierrez, Sabrina"]
[Result "1-0"]
[WhiteElo "2457"]
[BlackElo "2314"]
[PlyCount "63"]
[EventDate "2010.03.06"]
[EventType "swiss"]
[EventRounds "11"]
[EventCountry "CRO"]
[Source "lmi"]
[SourceDate "2010.03.06"]

1. d4 d5 2. c4 dxc4 3. Nf3 Nf6 4. e3 Bg4 5. Bxc4 e6 6. Nc3 Nbd7 7. O-O Bb4 8.
h3 Bh5 9. Re1 O-O 10. e4 c5 11. e5 Bxf3 12. Qxf3 cxd4 13. exf6 Qxf6 14. Qxf6
Nxf6 15. a3 Rfc8 16. axb4 Rxc4 17. Ne4 Nxe4 18. Rxe4 Rxb4 19. Ra2 Rd8 20. Rxa7
f5 21. Rxe6 d3 22. Re7 f4 23. Bd2 Rxb2 24. Raxb7 Rxd2 25. Rxg7+ Kf8 26. Rxh7
Kg8 27. Rbg7+ Kf8 28. Rd7 Rxd7 29. Rxd7 Rd1+ 30. Kh2 Rd2 31. f3 Rd1 32. Rd4 1-0

[Event "11. Europa ch 2010 Femenino"]
[Site "Rijeka CRO"]
[Date "2010.03.10"]
[Round "5.22"]
[White "Zawadzka, Jolanta"]
[Black "Schneider, Veronika"]
[Result "1-0"]
[WhiteElo "2404"]
[BlackElo "2314"]
[PlyCount "43"]
[EventDate "2010.03.06"]
[EventType "swiss"]
[EventRounds "11"]
[EventCountry "CRO"]
[Source "lmi"]
[SourceDate "2010.03.06"]

1. e4 c5 2. Nf3 e6 3. d4 cxd4 4. Nxd4 a6 5. Nc3 b5 6. Bd3 Bb7 7. O-O Nc6 8.
Nxc6 Bxc6 9. Re1 Bc5 10. Qh5 d6 11. Bg5 Qb6 12. Re2 Nf6 13. Bxf6 gxf6 14. Kh1
Ke7 15. Nd5+ Bxd5 16. exd5 e5 17. f4 Rag8 18. Rf1 Rg7 19. Qh4 Bd4 20. c3 h5 21.
fxe5 dxe5 22. cxd4 1-0